[Event "Schleswig Holstein-ch U18 Vormeister"]
[Site "Neumuenster"]
[Date "2010.04.09"]
[Round "7"]
[White "Radssat, Rene"]
[Black "Martens, Jan Malte"]
[Result "1-0"]
[WhiteElo "1641"]
[BlackElo "1303"]
[PlyCount "27"]
[EventDate "2010.04.05"]
[EventType "swiss"]
[EventRounds "9"]
[EventCountry "GER"]
[SourceTitle "EXT 2023"]
[Source "ChessBase"]
[SourceDate "2022.10.05"]
[SourceVersion "1"]
[SourceVersionDate "2022.10.05"]
[SourceQuality "1"]

1. Nc3 d6 2. d4 Nf6 3. e4 g6 4. f4 Bg7 5. Nf3 0-0 6. Bc4 Bg4 7. Be3 Bxf3 8. Qxf3 Re8 9. 0-0 Nc6 10. Rad1 Nd7 11. f5 Kh8 12. Bxf7 Rf8 13. fxg6 hxg6 14. Qh3+ 1-0